00253nam a2200097Ia 4500008004100000082001900041100002000060245003900080260002600119300001000145210430s9999 xx 000 0 und d a491.425 S5241P aSafdar Ali Shah aPunjabi Grammar /cSafdar Ali Shah aNUSTbIslamabadc2015 a167p.